Al pie de la Alcazaba (1943-1950) / (Record no. 31549)

MARC details
000 -LEADER
campo de control de longitud fija 00966nam a2200277 i 4500
001 - NÚMERO DE CONTROL
campo de control 31549
003 - IDENTIFICADOR DE NÚMERO DE CONTROL
campo de control ES-MaACL
005 - FECHA Y HORA DE LA ÚLTIMA TRANSACCIÓN
campo de control 20231218150755.0
007 - CAMPO FIJO DE DESCRIPCIÓN FÍSICA--INFORMACIÓN GENERAL
campo de control de longitud fija t|
008 - DATOS DE LONGITUD FIJA--INFORMACIÓN GENERAL
campo de control de longitud fija 030129s2012 sp |||| |aspa d
020 ## - NÚMERO INTERNACIONAL ESTÁNDAR DEL LIBRO
Número Internacional Estándar del Libro 978-84-8108-530-3
100 1# - ENTRADA PRINCIPAL--NOMBRE DE PERSONA
Nombre de persona Siles Artés, José,
Fechas asociadas al nombre 1930-
9 (RLIN) 106341
245 10 - MENCIÓN DEL TÍTULO
Título Al pie de la Alcazaba (1943-1950) /
Mención de responsabilidad, etc. José Siles Artés.
250 ## - MENCION DE EDICION
Mención de edición 1ª ed.
260 ## - PUBLICACIÓN, DISTRIBUCIÓN, ETC.
Lugar de publicación, distribución, etc. Almería :
Nombre del editor, distribuidor, etc. Instituto de Estudios Almerienses,
Fecha de publicación, distribución, etc. 2012.
300 ## - DESCRIPCIÓN FÍSICA
Extensión 174 p. ;
Dimensiones 21 cm.
490 1# - MENCIÓN DE SERIE
Mención de serie Letras ;
Designación de volumen o secuencia 62.
Mención de serie Narrativa
600 14 - PUNTO DE ACCESO ADICIONAL DE MATERIA--NOMBRE DE PERSONA
Nombre de persona Siles Artés, José,
Fechas asociadas al nombre 1930-
9 (RLIN) 106341
710 2# - ENTRADA AGREGADA--NOMBRE DE ENTIDAD CORPORATIVA
Nombre de entidad corporativa o nombre de jurisdicción como elemento de entrada Instituto de Estudios Almerienses.
9 (RLIN) 4887
830 1# - PUNTO DE ACCESO ADICIONAL DE SERIE-TÍTULO UNIFORME
Título uniforme Letras ;
Designación de volumen o secuencia 62.
Título uniforme Narrativa
9 (RLIN) 229375
852 4# - LOCALIZACIÓN
Ubicación ES-MaACL
Número de control de estantería A-12123
itemnumber 32716
Sublocalización o colección R.148839
Ubicación en estantería Depósito 1
Signatura antigua Olim: N-5128
Encuadernación Donación: del autor José Siles Artes
903 ## - NOMBRE PERSONAL DE DONANTE
a Siles Artés, José,
d 1930-
e Donante
9 106341
942 ## - ELEMENTOS DE ENTRADA SECUNDARIOS (KOHA)
Fuente del sistema de clasificación o colocación Clasificación decimal universal
Tipo de ítem Koha Libro impreso
Holdings
Estatus retirado Estado de pérdida Fuente del sistema de clasificación o colocación Estado de daño No para préstamo Biblioteca de origen Biblioteca actual Ubicación en estantería Fecha de adquisición Fuente de adquisición Número de control de estantería Total de préstamos Signatura topográfica completa Código de barras Visto por última vez Precio de reemplazo Tipo de ítem Koha
    Clasificación decimal universal     Biblioteca del Ateneo de Madrid Biblioteca del Ateneo de Madrid Depósito 1 25/06/2012 Donación 1   A-12123 1189865 23/02/2023 23/02/2023 Libro impreso